| 000 | 00990nam a22003137a 4500 | ||
|---|---|---|---|
| 003 | CHAP | ||
| 005 | 20220329134338.0 | ||
| 008 | 971013s1962 r 00010 d | ||
| 010 | _a19085 | ||
| 011 | _a20057 | ||
| 035 | _a24145 | ||
| 040 | _cCHAP | ||
| 082 |
_a574.192 _bA55 |
||
| 100 | 0 | 0 |
_aAllen, Frank Worthington. _94388 |
| 245 | _aRibonucleoproteins and ribonucleic acids; preparation and composition | ||
| 260 |
_aAmsterdam : _bElsevier, _c1962 |
||
| 300 | _a192 p | ||
| 590 |
_aBATCH-UPD _b10 _c20130110 _lUCH01 _h0002 |
||
| 590 |
_aBATCH-UPD _b10 _c20130110 _lUCH01 _h1946 |
||
| 590 |
_aBATCH-UPD _b10 _c20130409 _lUCH01 _h1937 |
||
| 590 |
_aBATCH-UPD _b10 _c20130410 _lUCH01 _h1308 |
||
| 590 |
_aBATCH-UPD _b10 _c20130914 _lUCH01 _h0233 |
||
| 590 |
_aCONVERSION _b10 _c20130109 _lUCH01 _h1312 |
||
| 650 | 1 | 4 |
_aAcidos nucléicos. _9603 |
| 650 | 1 | 4 |
_aNucleoproteínas. _982118 |
| 901 | _aBK | ||
| 942 | _cLIBRO | ||
| 949 |
_a574.192 A55 _bBC _cLIBRO _d33724000470894 _eLIBRO _h8113 _i24145 _si |
||
| 999 |
_c19085 _d19085 |
||